Online
Catalog

El general Babieca y Patricio Flaquenco / (Record no. 32718)

MARC details
000 -CABECERA
campo de control de longitud fija 00603nam a2200181 a 4500
001 - NÚMERO DE CONTROL
campo de control 000033227
005 - FECHA Y HORA DE LA ÚLTIMA TRANSACCIÓN
campo de control 20240530073920.0
008 - DATOS DE LONGITUD FIJA--INFORMACIÓN GENERAL
campo de control de longitud fija 110823s1916 dr r 000 0 spa d
040 ## - FUENTE DE LA CATALOGACIÓN
Centro catalogador/agencia de origen DO-SdBNP
Lengua de catalogación spa
Centro/agencia transcriptor BNPHU
082 ## - NÚMERO DE LA CLASIFICACIÓN DECIMAL DEWEY
Número de clasificación RD863.4
Número de documento/Ítem C723g
100 1# - ENTRADA PRINCIPAL--NOMBRE DE PERSONA
Nombre de persona Cólson, Jayme
Fechas asociadas al nombre 1901-1975
9 (RLIN) 58858
245 13 - MENCIÓN DE TÍTULO
Título El general Babieca y Patricio Flaquenco /
Mención de responsabilidad, etc. Jayme Cólson.
260 ## - PUBLICACIÓN, DISTRIBUCIÓN, ETC.
Lugar de publicación, distribución, etc. Puerto Plata, República Dominicana :
Nombre del editor, distribuidor, etc. Talleres Tipográficos de Mariano Galve,
Fecha de publicación, distribución, etc. 1916.
300 ## - DESCRIPCIÓN FÍSICA
Extensión 2v. ;
Dimensiones 18 cm.
590 ## - NOTA LOCAL (RLIN)
Nota local Inventariado, 2018/BT
650 #0 - PUNTO DE ACCESO ADICIONAL DE MATERIA--TÉRMINO DE MATERIA
Término de materia o nombre geográfico como elemento de entrada Novela dominicana
9 (RLIN) 223
650 #0 - PUNTO DE ACCESO ADICIONAL DE MATERIA--TÉRMINO DE MATERIA
Término de materia o nombre geográfico como elemento de entrada Literatura dominicana.
9 (RLIN) 67
Holdings
Estado de retiro Estado de pérdida Restricciones de uso No para préstamo Código de colección Localización permanente Ubicación/localización actual Ubicación en estantería Fecha de adquisición Número de inventario Total de préstamos Signatura topográfica completa Código de barras Fecha visto por última vez Precio válido a partir de Tipo de ítem Koha Nota pública
      Excluido de préstamo Raros y valiosos Patrimonio Dominicano Patrimonio Dominicano Depósito 23.08.2011 LF1   RD863.4 C723g 33227-10 25.06.2020 25.06.2020 No se presta Perteneció a la biblioteca personal de Martínez Boog
      Excluido de préstamo Raros y valiosos Patrimonio Dominicano Patrimonio Dominicano Depósito 31.08.2018 LF1   v.2 33227-20 25.06.2020 25.06.2020 No se presta Perteneció a la biblioteca personal de Martínez Boog.

Powered by Koha